| 000 | 00497nam a2200169 i 4500 | ||
|---|---|---|---|
| 001 | 86923 | ||
| 003 | ES-MaACL | ||
| 005 | 20230906175542.0 | ||
| 007 | t| | ||
| 008 | 041216s1971 sp ||||1| spa d | ||
| 100 | 1 |
_aKolosimo, Peter. _968530 |
|
| 245 | 1 | 0 |
_aSombras en las estrellas / _cPeter Kolosimo ; traducción de Antonio Ribera. |
| 260 |
_aBarcelona : _bPlaza y Janés, _c[1971] |
||
| 300 |
_a406 p. ; _c22 cm. |
||
| 700 | 1 |
_aRibera, Antonio. _996769 |
|
| 852 |
_aES-MaACL _jC-40924 _bR.79922 |
||
| 999 |
_c86923 _d86923 |
||